Countries Without C-U-B-A - Statistics

General Stats
  • This quiz has been taken 48 times
    17 since last reset
  • The average score is 5 of 10
Answer Stats
Country % Correct
Egypt
62%
Fiji
62%
Kosovo
62%
Yemen
62%
Lesotho
54%
Togo
54%
Niger
46%
Philippines
38%
Sweden
38%
Montenegro
23%
No matching quizzes found
Score Distribution
Percent of People with Each Score
Percentile by Number Answered
Your Score History
You have not taken this quiz since the last reset